=LDR 00000nam 2200000 4500 =001 INLIS000000000035542 =005 20130612141407 =008 ***********************************ind** =035 ##$$0010-061300000035542 =041 ##$$a ind =082 ##$$a 711.5 =090 ##$$a 711.5, Ind p =245 ##$$a Penataan dan revitalisasi kawasan, Pencapaian kurun waktu tahun 2005-2009 =260 ##$$a (S.a) $b (S.l) =300 ##$$a 173 hlm., Ilus., 25 cm =650 ##$$a Tata Kota Didaerah =850 ##$$a NBPNMAT